000
00283nam a22001337a 4500
008
170914b xxu||||| |||| 00| 0 eng d
020
_a
04400022435
041
_a
eng
080
_a
43
100
_a
44
101
_a
ART
245
_a
THE ART OF WAR
_c
CLAVELL.J
942
_2
udc
_c
BK
999
_c
27739
_d
27739